| 000 | 00337nam a2200121Ia 4500 | ||
|---|---|---|---|
| 008 | 240624s9999 xx 000 0 und d | ||
| 041 | _aeng | ||
| 082 | _a658.4063 CAN | ||
| 100 | _aCANTAMESSA MARCO | ||
| 245 | _aMANAGEMENT OF INNOVATION AND PRODUCT DEV | ||
| 260 |
_c2016 _aTechnological Perspectives Italy _bSpringer |
||
| 365 |
_cERU _b25 |
||
| 999 |
_c30161 _d30161 |
||